000 00415nam a2200181Ia 4500
001 11017
005 20260306161915.0
008 260306t1988||||xx |||||||||||||| ||spa||
041 _aESP
082 _a985
_bU61A
100 _aUniversidad del Pacífico
_eAUT
245 0 _aPerú promesa
260 _c1988
300 _a354 páginas :
_c30 cm.
650 _aGEN
654 _aCHU
942 _cLIB
_dJUS
_fJUS
_2ddc
_n
999 _c11017
_d11017